Seis países mais próximos - Antígua e Barbuda - Statistics

Estatísticas Gerais
  • Esse quiz foi jogado 28 vezes
  • A pontuação média é 3 de 6
Estatísticas das Respostas
km país % Correto
500 Granada
62%
68 São Cristóvão e Nevis
57%
333 Santa Lúcia
52%
467 Barbados
48%
409 São Vicente e Granadinas
48%
154 Dominica
38%
Nenhum quiz correspondente encontrado
Distribuição das Pontuações
Porcentagem de Pessoas com Cada Pontuação
Percentil de Números Respondidos
Sua Pontuação Histórica
Você não jogou esse quiz